Participación social: desarrollo urbano y comunitario /

Wedi'i Gadw mewn:
Manylion Llyfryddiaeth
Prif Awdur: Dávalos Domínguez, Roberto
Awduron Eraill: comp Vázquez Penales, Aurora comp
Fformat: Texto
Cyhoeddwyd: La Habana: Universidad de La Habana. Facultad de Filosofía e Historia. Departamento de Sociología
Pynciau:
Tagiau: Ychwanegu Tag
Dim Tagiau, Byddwch y cyntaf i dagio'r cofnod hwn!

MARC

LEADER 00000 a a2200000 04500
001 38440
003
040
090 |a 0007 V335p  
100 |a Dávalos Domínguez, Roberto  
245 |a Participación social: desarrollo urbano y comunitario /  |c Roberto Dávalos Domínguez  
260 |a La Habana:   |b Universidad de La Habana. Facultad de Filosofía e Historia. Departamento de Sociología  
300 |a 245 p.  
650 |a COMUNIDADES  
650 |a PARTICIPACION SOCIAL  
650 |a PRESUPUESTO  
650 |a IMPUESTOS  
650 |a BRASIL  
700 |a comp   |a Vázquez Penales, Aurora   |a comp  
999 |c 6387  |d 6387